000 01629cam a22004814i 4500
003 PE-LiUPU
005 20250731173512.0
008 150616s1980 nyua r 000 0 eng d
020 _a0385067607
035 _a(Sirsi) i9780385067607
040 _aPE-LiUPU
_bspa
_cPE-LiUPU
_erda
049 _aPRUA
082 0 4 _a220.7
_bAB1980
_221
100 1 _aMcCarter, P Kyle,
_eautor.
245 1 0 _aI Samuel.
_n8 /
_cP Kyle McCarter.
264 1 _aNew York :
_bThe Anchor Bible Doubleday,
_c1980.
300 _a474 páginas :
_bIlustraciones ;
_c24 centímetros.
336 _atext
_2rdacontent
337 _aunmediated
_2rdamedia
338 _avolume
_2rdacarrier
490 0 _aThe Anchor Bible ;
_v8
504 _aIncluye bibliografía.
505 0 _aTranslation -- Textual notes, Notes and comments.
526 _aSEG42
526 _aSEG41
526 _aSEG40
526 _aSEG39
526 _aP94
526 _aP87
526 _aP86
526 _aP85
526 _aP77
526 _aP76
526 _aP35
630 _aBiblia.
_pA.T.
_pSamuel I
_xComentarios.
910 _ajck
_bjvq
_cjck
942 _2ddc
_cBOOK
949 _a220.7 AB 8 1980
_wDEWEY
_c1
_i41138
_d2015-10-12
_e2015-10-11
_lCCODEBUL1
_mBUL
_n1
_r0
_sY
_tBOOK
_u2015-6-16
_xTEOLOGIA
_zUNKNOWN
_0COMPRA
_o.STAFF. Colección General
994 _aC0
_bPEPRU
596 _a1
999 _a220.7 AB 8 1980
_wDEWEY
_c58946
_i41138
_d58946
_e2015-10-11
_f2021-11-9
_g5
_lCCODEBUL1
_mBUL
_n1
_p14.00
_r0
_sY
_tBOOK
_u2015-6-16
_xTEOLOGIA
_PP35
_0COMPRA
_o.STAFF. Colección Teología
980 _81
_gALBERTO SANCHEZ Responsable de Automatización